[Event "Presov"]
[Site "Presov"]
[Date "1999.08.19"]
[Round "6"]
[White "Chernyshov, Konstantin"]
[Black "Mrva, Martin"]
[Result "1-0"]
[WhiteElo "2483"]
[BlackElo "2441"]

1.c4 g6 2.g3 Bg7 3.Bg2 Nf6 4.Nf3 O-O 5.O-O d6 6.Nc3 Nc6 7.Rb1 Bf5 8.d3 Qc8
9.b4 Bh3 10.b5 Bxg2 11.Kxg2 Nd8 12.e4 c6 13.Qb3 Nd7 14.Be3 Nc5 15.Qc2 f5
16.d4 Nce6 17.exf5 Rxf5 18.Qd3 b6 19.Rfc1 c5 20.d5 Nf8 21.Ne4 Nd7 22.Nh4 Rf8
23.f4 a6 24.a4 axb5 25.axb5 Nf6 26.Ng5 e6 27.Rc2 exd5 28.cxd5 Re8 29.Bf2 Qb7
30.Rd1 Nf7 31.Nhf3 Nxg5 32.Nxg5 Bh6 33.Nf3 Ra4 34.Re2 Rxe2 35.Qxe2 Re4 36.Qd3 Re8
37.h4 Qd7 38.Nd2 Nh5 39.Qf3 Qxb5 40.Ne4 Rd8 41.Be3 Bg7 42.f5 Qb2+ 43.Nf2 Nf6
44.Rd2 Qb1 45.fxg6 Qxg6 46.Bg5 Rf8 47.Qe2 h6 48.Bf4 Re8 49.Qb5 Nh5 50.Bxd6 Re3
51.Qc6 Qf5 52.Kh2 Re1 53.Qxb6 Bd4 54.Bxc5 Be5 55.Rd3 Bxg3+ 56.Rxg3+ Nxg3
57.Qb8+ Kh7 58.Qc7+ Kg6 59.Qxg3+ Kh5 60.Be3 Re2 61.d6 Ra2 62.Bf4 Ra4 63.Qf3+ Kxh4
64.Bg3+ Kg5 65.Qc3 Kh5 66.Qd2 Ra7 67.Nd3 Kg6 68.Ne5+ Kh7 69.d7 Qh5+ 70.Kg2 Ra8
71.Nc6 Rf8 72.d8=Q Qf3+ 73.Kh2 Qxc6 74.Qxf8 Qg2+ 75.Kxg2  1-0

[Event "Presov"]
[Site "Presov"]
[Date "1999.08.21"]
[Round "8"]
[White "Jirovsky, Milos"]
[Black "Kulaots, Kaido"]
[Result "1/2-1/2"]
[WhiteElo "2458"]
[BlackElo "2478"]

1.Nf3 Nf6 2.c4 g6 3.g3 Bg7 4.Bg2 O-O 5.O-O d6 6.Nc3 Nc6 7.d4 a6 8.h3 Rb8
9.Be3 Na5 10.Nd2 Nd7 11.Qc2 c5 12.dxc5 dxc5 13.Rad1  1/2-1/2

[Event "ESP-ch"]
[Site "Palencia"]
[Date "1999.08.22"]
[Round "4"]
[White "Blasco Frasquet, Raul"]
[Black "Llaneza Vega, Patricia"]
[Result "0-1"]
[WhiteElo "2059"]
[BlackElo "2201"]

1.c4 Nf6 2.g3 g6 3.Bg2 Bg7 4.Nf3 O-O 5.Nc3 d6 6.O-O e5 7.d3 Nc6 8.Rb1 a5
9.a3 h6 10.Nd2 Be6 11.Nd5 Qd7 12.Nxf6+ Bxf6 13.Ne4 Bg7 14.Bxh6 Bh3 15.Qd2 Bxg2
16.Kxg2 f5 17.Bxg7 Kxg7 18.Ng5 Rh8 19.h4 f4 20.Rh1 Raf8 21.e3 b6 22.d4 Qg4
23.Qd1 f3+ 24.Nxf3 Qe4 25.Rh3 g5 26.g4 Rxh4 27.Rg3 Rxg4 28.Rc1 exd4 29.exd4 Rxg3+
30.Kxg3 Qf4+ 31.Kg2 Qg4+  0-1

[Event "Polanica Zdroj op"]
[Site "Polanica Zdroj"]
[Date "1999.08.25"]
[Round "10"]
[White "Vaulin, Alexander"]
[Black "Czerwonski, Aleksander"]
[Result "1-0"]
[WhiteElo "2492"]
[BlackElo "2426"]

1.Nf3 Nf6 2.c4 g6 3.g3 Bg7 4.Bg2 O-O 5.d4 d6 6.O-O c5 7.d5 b5 8.cxb5 a6 9.Nc3 Bb7
10.bxa6 Rxa6 11.e4 Nbd7 12.Re1 Qa8 13.Bd2 Nb6 14.Bf1 Ra7 15.Qc2 Ba6 16.Bxa6 Rxa6
17.b3 c4 18.b4 Ra3 19.Rac1 Nfd7 20.Re2 f5 21.Ng5 Ne5 22.Ne6 Nf3+ 23.Kh1 fxe4
24.Nxg7 Nd4 25.Qxe4 Nxe2 26.Qxe2 Kxg7 27.Qxe7+ Kg8 28.Qe6+ Rf7 29.Kg1 Nd7
30.Ne4 Qa7 31.Rxc4 Nf8 32.Rc8 Qd4 33.Rxf8+ Kxf8 34.Bh6+ Rg7 35.Qxd6+ Ke8
36.Nf6+ Kf7 37.Qe6+  1-0

[Event "Pyramiden Franken Cup"]
[Site "Fuerth"]
[Date "1999.08.29"]
[Round "9"]
[White "Willim, Michael"]
[Black "Schunk, Eduard"]
[Result "0-1"]
[WhiteElo "2130"]
[BlackElo "2260"]

1.c4 Nf6 2.g3 g6 3.Bg2 Bg7 4.Nf3 O-O 5.O-O d6 6.Nc3 Nc6 7.d3 a6 8.Rb1 Bg4
9.h3 Bd7 10.b4 Qc8 11.h4 e5 12.a4 Ne7 13.b5 a5 14.b6 c6 15.c5 Ned5 16.Nxd5 Nxd5
17.cxd6 Nc3 18.Qc2 Nxb1 19.Qxb1 Bh3 20.Bxh3 Qxh3 21.Ng5 Qd7 22.Ba3 c5 23.Bxc5 Qxa4
24.Rc1 h6 25.Ne4 f5 26.Rc4 Qd7 27.Nc3 Rac8 28.Nb5 f4 29.Kg2 Rc6 30.Na7 Rxc5
31.Rxc5 fxg3 32.Qb3+ Kh7 33.f3 Qxd6 34.Rd5 Qf6 35.Kxg3 Qf4+ 36.Kg2 Qxh4 37.Qc4 Rf4
38.Qc7 Rf5  0-1

[Event "CRO-chT"]
[Site "Pula"]
[Date "1999.09.10"]
[Round "2"]
[White "Ruck, Robert"]
[Black "Stevic, Hrvoje"]
[Result "1/2-1/2"]
[WhiteElo "2485"]
[BlackElo "2470"]

1.Nf3 Nf6 2.g3 g6 3.Bg2 Bg7 4.c4 O-O 5.d4 c5 6.d5 e6 7.Nc3 exd5 8.cxd5 d6
9.O-O a6 10.a4 Nbd7 11.Bf4 Qc7 12.e4 Re8 13.Re1 Ng4 14.Qc2 Nge5 15.Nd2 Rb8
16.Bf1 c4 17.a5 b5 18.axb6 Rxb6 19.Ra2 Rb4 20.Na4 a5 21.b3 Rxb3 22.Nxb3 Nf3+
23.Kh1 Nxe1 24.Qxc4 Qxc4 25.Bxc4 Rxe4 26.Nd2 Re8 27.Bxd6 Ne5 28.Bb5 Rd8 29.Bxe5 Bxe5
30.Nb6 Bf5 31.Nbc4 Bd4 32.Bc6 Bxf2 33.Rxa5 Rc8 34.Ra8 Rxa8 35.Bxa8 Nd3 36.Kg2 Ba7
37.Bc6 Nb4 38.Bb7 Kf8 39.d6 Bb8 40.Ne4 Nd3 41.Bd5 Nb4 42.Bb7 Nd3 43.Bd5 Nb4  1/2-1/2

[Event "CRO-chT"]
[Site "Pula"]
[Date "1999.09.17"]
[Round "8"]
[White "Kurajica, Bojan"]
[Black "Jusic, Zdenko"]
[Result "1-0"]
[WhiteElo "2541"]
[BlackElo "2387"]

1.Nf3 Nf6 2.c4 g6 3.g3 Bg7 4.Bg2 O-O 5.O-O d6 6.d4 Nbd7 7.Nc3 e5 8.e4 a6
9.Qc2 b5 10.dxe5 dxe5 11.Rd1 b4 12.Nd5 Rb8 13.a3 b3 14.Qe2 c6 15.Nxf6+ Qxf6
16.Bg5 Qe6 17.c5 Nxc5 18.Rac1 Na4 19.Be3 h6 20.Bf1 a5 21.Qd2 Qf6 22.Ne1 Bg4
23.f3 Rfd8 24.Qxa5 Rxd1 25.Rxd1 Nxb2 26.Rd2 Nc4 27.Qa7 Rb5 28.Bxc4 b2 29.Rxb2 Rxb2
30.fxg4 Bf8 31.Bf2 c5 32.Nd3 Rc2 33.Qa4 Re2 34.Kg2  1-0

[Event "SLO-ch"]
[Site "Kranj"]
[Date "1999.10.04"]
[Round "3"]
[White "Raspor, Gregor"]
[Black "Starcic, Tadej"]
[Result "1/2-1/2"]
[WhiteElo "2225"]
[BlackElo "2165"]

1.Nf3 Nf6 2.c4 g6 3.g3 Bg7 4.Bg2 O-O 5.O-O d6 6.d4 Nc6 7.Nc3 a6 8.d5 Na5
9.Nd2 c5 10.Qc2 Rb8 11.b3 b5 12.Rb1 bxc4 13.bxc4 Rxb1 14.Ncxb1 Bd7 15.Bb2 Qc7
16.Nc3 Rb8 17.Nd1 Be8 18.Bc3 e6 19.e4 Nd7 20.Bxg7 Kxg7 21.Ne3 e5 22.f4 Qb6
23.Rb1 Qd8 24.Rxb8 Qxb8 25.a3 f6 26.h4 Qd8 27.f5 g5 28.hxg5 fxg5 29.g4 Nf6
30.Bf3 Qb6 31.Nef1 Nb7 32.Ng3 h6 33.Bd1 a5 34.Kf2 Nd8 35.Ngf1 Qb8 36.Ne3  1/2-1/2

[Event "World Cities-ch 2nd"]
[Site "Shenyang"]
[Date "1999.10.05"]
[Round "3"]
[White "Khasin, Alexander"]
[Black "Wang Rui"]
[Result "1-0"]
[WhiteElo "2511"]
[BlackElo "2396"]

1.Nf3 Nf6 2.g3 g6 3.Bg2 Bg7 4.c4 O-O 5.Nc3 d6 6.O-O Nc6 7.Rb1 e5 8.b4 h6
9.d3 Nh5 10.b5 Ne7 11.d4 Be6 12.dxe5 dxe5 13.Ba3 Re8 14.Nd2 Qc8 15.Nd5 Bf8
16.Qb3 Nf5 17.Bxf8 Rxf8 18.e3 Bxd5 19.cxd5 Nd6 20.Rfc1 Qd7 21.Qc3 Nxb5 22.Qxe5 Rfe8
23.Qb2 Nd6 24.e4 Qe7 25.Re1 f6 26.f4 Rab8 27.e5 fxe5 28.fxe5 Nf7 29.Kh1 Ng7
30.Nc4 Kh7 31.e6 Nd6 32.Ne5 Rbd8 33.Rf1 Rf8 34.Qc2 Rf5 35.Nxg6 Kxg6 36.g4 Rf8
37.gxf5+ Ngxf5 38.Be4  1-0

[Event "Wichern op 5th"]
[Site "Hamburg"]
[Date "1999.10.17"]
[Round "4"]
[White "Van Hoolandt, Patrick"]
[Black "Dunsbach, Ralf"]
[Result "0-1"]
[WhiteElo "2050"]
[BlackElo "2234"]

1.c4 Nf6 2.Nf3 g6 3.g3 Bg7 4.Bg2 O-O 5.O-O d5 6.cxd5 Nxd5 7.Nc3 Nc6 8.Qb3 Nb6
9.d3 e5 10.Be3 Nd4 11.Bxd4 exd4 12.Ne4 Qe7 13.Qc2 c6 14.Qc5 Re8 15.Rfd1 Be6
16.h3 Rad8 17.Nfd2 Qd7 18.Ng5 Bd5 19.Bxd5 Nxd5 20.Kg2 Re5 21.Qxd4 Rxg5 22.Qxa7 Nf4+  0-1

[Event "Wichern op 5th"]
[Site "Hamburg"]
[Date "1999.10.18"]
[Round "5"]
[White "Kolthoff, Siegmund"]
[Black "Dolzhikova, Olga"]
[Result "1/2-1/2"]
[WhiteElo "2017"]
[BlackElo "2236"]

1.Nf3 Nf6 2.c4 g6 3.g3 Bg7 4.Bg2 O-O 5.O-O d6 6.d4 c6 7.Nc3 Qa5 8.e4 e5 9.h3 Nbd7
10.Re1 Re8 11.Be3 exd4 12.Nxd4 Ne5 13.Qe2 Qa6 14.b3 Ned7 15.Qc2 Nc5 16.Rad1 Qa5
17.Bf4 Qc7 18.b4 Na6 19.a3 Nh5 20.Be3 Qe7 21.g4 Nf6 22.f4 Nc7 23.Nb3 Be6
24.Nd2 Bd7 25.c5 d5 26.e5 Nxg4 27.hxg4 Bxg4 28.Nf3 Ne6 29.Qf2 h5 30.Ne2 Bh6
31.Qg3 a5 32.Ned4 axb4 33.axb4 Ra2 34.Ra1 Rea8 35.Rxa2 Rxa2 36.Nh2 Nxd4 37.Nxg4 hxg4
38.Bxd4 Qe6 39.Ra1 Rxa1+ 40.Bxa1 Qf5 41.Qc3 Qxf4 42.Bb2 Bg5 43.e6 Qe3+ 44.Qxe3 Bxe3+
45.Kh2 Bf4+ 46.Kg1 fxe6 47.Kf1 e5 48.Ke2 e4 49.Bd4 Kf7 50.Bf1 Ke6 51.Kf2  1/2-1/2

[Event "Aars get2net Cup GM"]
[Site "Aars"]
[Date "1999.10.20"]
[Round "5"]
[White "Nielsen, Peter Heine"]
[Black "Bekker Jensen, Simon"]
[Result "1-0"]
[WhiteElo "2560"]
[BlackElo "2436"]

1.Nf3 Nf6 2.c4 g6 3.g3 Bg7 4.Bg2 O-O 5.O-O c6 6.Nc3 d6 7.d3 Qa5 8.h3 e5 9.Rb1 Nbd7
10.b4 Qd8 11.Nd2 Re8 12.Nde4 Nxe4 13.Nxe4 Nf6 14.Nxf6+ Bxf6 15.b5 c5 16.h4 Qe7
17.Be3 Be6 18.Qd2 Rad8 19.Rfc1 h5 20.Bg5 Kg7 21.Bxf6+ Kxf6 22.Qh6 Qd7 23.f4 exf4
24.Rf1 Rh8 25.Qxf4+ Kg7 26.Qf6+ Kh7 27.Rf4 Rhe8 28.Rbf1 Qe7 29.Qc3 Rf8 30.Rf6 Bg4
31.R1f2 Kh6 32.Bd5 Be6 33.Be4 Kh7 34.Bg2 Kg8 35.Qc1 Kg7 36.Qg5 Rd7 37.Be4 Qe8
38.Bxg6 fxg6 39.Rxf8 Qe7 40.Qxe7+ Rxe7 41.Rd8  1-0

[Event "Wichern op 5th"]
[Site "Hamburg"]
[Date "1999.10.22"]
[Round "9"]
[White "Kolthoff, Siegmund"]
[Black "Conrad, Christian"]
[Result "1/2-1/2"]
[WhiteElo "2017"]
[BlackElo "2209"]

1.Nf3 Nf6 2.c4 g6 3.g3 Bg7 4.Bg2 O-O 5.O-O d6 6.d4 Nbd7 7.Nc3 e5 8.e4 c6
9.b3 exd4 10.Nxd4 Re8 11.h3 Nc5 12.Re1 d5 13.cxd5 cxd5 14.exd5 Rxe1+ 15.Qxe1 Nxd5
16.Nxd5 Bxd4 17.Be3 Nd3 18.Qd1 Bg7 19.Rb1  1/2-1/2

[Event "Extraliga CZE"]
[Site "Ostrava CZE"]
[Date "1999.11.01"]
[Round "2"]
[White "Zabystrzan,P"]
[Black "Krupkova,P"]
[Result "1/2-1/2"]
[WhiteElo "2315"]
[BlackElo "2334"]

1.Nf3 Nf6 2.c4 g6 3.g3 Bg7 4.Bg2 O-O 5.Nc3 d5 6.cxd5 Nxd5 7.d4 Nb6 8.O-O Nc6
9.e3 e5 10.dxe5 Nxe5 11.Nxe5 Bxe5 12.Qc2  1/2-1/2

[Event "Chigorin mem"]
[Site "St Petersburg"]
[Date "1999.11.02"]
[Round "1"]
[White "Loginov, Valery A"]
[Black "Nouro, Mikael"]
[Result "0-1"]
[WhiteElo "2530"]
[BlackElo "2344"]

1.Nf3 Nf6 2.g3 g6 3.c4 Bg7 4.Bg2 O-O 5.d4 d6 6.O-O c6 7.Nc3 Bf5 8.Ne1 Qc8
9.e4 Bh3 10.e5 dxe5 11.dxe5 Bxg2 12.Nxg2 Ng4 13.f4 f6 14.h3 Nh6 15.g4 fxe5
16.f5 Na6 17.fxg6 Rxf1+ 18.Qxf1 hxg6 19.Ne4 Qe6 20.Be3 b6 21.Rd1 Nf7 22.b3 Nb4
23.Rd2 c5 24.Nh4 Nc6 25.Qb1 Nd4 26.Rf2 Rf8 27.Nc3 Kh7 28.Ne4 Kg8 29.Qd3 Rd8
30.Qf1 Rf8 31.Qb1 Rd8 32.Nc3 Kh7 33.Nd5 Rf8 34.Qf1 Kg8 35.Nxg6 Re8 36.Nh4 Rd8
37.Nf5 Rd7 38.Rd2 e4 39.Nxg7 Kxg7 40.Bxd4+ cxd4 41.Rxd4 Qe5 42.Rd1 Ng5 43.Qf5 Qg3+
44.Kf1 Nxh3 45.Rd2 Rd8 46.Qxe4 e6 47.Qd4+ e5 48.Qe4 Ng5 49.Qc2 Rh8 50.Rf2 Rh1+
51.Ke2 Qxg4+ 52.Kd2 Ne4+ 53.Ke3 Rh3+  0-1

[Event "Chigorin mem"]
[Site "St Petersburg"]
[Date "1999.11.02"]
[Round "1"]
[White "Makarov, Marat"]
[Black "Kryschilovskij, Andrej"]
[Result "1-0"]
[WhiteElo "2527"]
[BlackElo "2343"]

1.Nf3 Nf6 2.c4 g6 3.g3 Bg7 4.Bg2 O-O 5.O-O d6 6.d4 Nc6 7.Nc3 a6 8.b3 Rb8
9.e3 Bd7 10.Bb2 e5 11.dxe5 dxe5 12.Nd5 Re8 13.Nd2 Be6 14.Nxf6+ Qxf6 15.Ne4 Qe7
16.Nc3 Nb4 17.Qe2 a5 18.Rfd1 c6 19.Rd2 Rbd8 20.Rad1 f5 21.a3 Na6 22.Na4 Rxd2
23.Qxd2 Nc5 24.Nxc5 Qxc5 25.Bf1 Bf6 26.b4 axb4 27.axb4 Qf8 28.Qc3 Kg7 29.c5 Rd8
30.Rxd8 Qxd8 31.f4 exf4 32.Qxf6+ Qxf6 33.Bxf6+ Kxf6 34.exf4 Bb3 35.Kf2 Ke6
36.Ke3 Kd5 37.Be2 Ba4 38.g4 fxg4 39.Bxg4 Kc4 40.Bc8 Kxb4 41.Kd4 Bc2 42.Bxb7 Kb5
43.Bc8 Bb3 44.h4 Ba2 45.Bg4 Bf7 46.Bd7 Bb3 47.Be8 Bd1 48.Bf7 Kb4 49.Bg8 h5
50.Bf7 Bc2 51.Ke5 Kxc5 52.Kf6 Kd4 53.Bxg6 Bxg6 54.Kxg6 c5 55.f5 c4 56.f6 c3
57.f7 c2 58.f8=Q c1=Q 59.Qf6+ Kc5 60.Kxh5 Kb4 61.Qd4+ Kb3 62.Kg4 Qc8+ 63.Kg3 Qg8+
64.Qg4 Qb8+ 65.Kh3 Ka2 66.Qg2+  1-0

[Event "Chigorin mem"]
[Site "St Petersburg"]
[Date "1999.11.04"]
[Round "3"]
[White "Makarov, Marat"]
[Black "Nouro, Mikael"]
[Result "1-0"]
[WhiteElo "2527"]
[BlackElo "2344"]

1.Nf3 Nf6 2.c4 g6 3.g3 Bg7 4.Bg2 O-O 5.O-O d6 6.d4 c6 7.Nc3 Qa5 8.h3 e5 9.e4 exd4
10.Nxd4 Qb4 11.Qe2 b5 12.Nc2 Qxc4 13.Qxc4 bxc4 14.Rd1 Ne8 15.Ne3 Be6 16.Bf1 Nd7
17.Nxc4 Bxc3 18.bxc3 d5 19.exd5 cxd5 20.Na5 Nef6 21.Nc6 Kg7 22.Be3 a6 23.Bd4 Rfc8
24.Nb4 a5 25.Nd3 Kg8 26.f3 Ne8 27.g4 Nd6 28.Nf4 Rab8 29.Rab1 Kf8 30.Rxb8 Rxb8
31.Bf2 Nb6 32.Bc5 Ke7 33.c4 Na4 34.Ba3 Nc3 35.Re1 Nb1 36.Bc5 Nd2 37.Nxd5+ Kd7
38.Nf6+ Kc6 39.Bxd6 Rb2 40.Rd1 Nxf3+ 41.Kh1 Rd2 42.Rc1 Kxd6 43.Ne4+ Kc6 44.Nxd2 Nxd2
45.Bg2+ Kc5 46.Bd5 a4 47.Kg2 a3 48.Kf2 Nxc4 49.Rxc4+ Kxd5 50.Ra4 f5 51.g5 Ke5
52.Rxa3 Kf4 53.h4 Kg4 54.Ra4+ f4 55.a3 Kxh4 56.Rxf4+ Kxg5 57.Kg3 Bf5 58.a4 Bd3
59.a5 h5 60.Rd4 h4+ 61.Rxh4 Kf5 62.Ra4 Ba6 63.Rb4 Ke5 64.Rb6  1-0

[Event "ESP-chT Div 1"]
[Site "Cala Galdana"]
[Date "1999.11.10"]
[Round "3"]
[White "Garcia Padron, Jose"]
[Black "Paramos Dominguez, Roberto"]
[Result "0-1"]
[WhiteElo "2451"]
[BlackElo "2425"]

1.Nf3 Nf6 2.c4 g6 3.g3 Bg7 4.Bg2 O-O 5.O-O d6 6.Nc3 e5 7.d3 Nc6 8.Rb1 a5
9.a3 h6 10.b4 axb4 11.axb4 Be6 12.b5 Ne7 13.Bb2 Qd7 14.Ra1 Rab8 15.Qb3 Bh3
16.Nd5 Nfxd5 17.Bxh3 Qxh3 18.cxd5 c6 19.Qa3 c5 20.Qb3 f5 21.Nxe5 f4 22.Nf3 Bxb2
23.Qxb2 g5 24.Kh1 fxg3 25.fxg3 g4 26.Ng1 Rxf1 27.e4 Rbf8 28.Qe2 Rxa1  0-1

[Event "Chigorin mem"]
[Site "St Petersburg"]
[Date "1999.11.10"]
[Round "9"]
[White "Faibisovich, Vadim Z"]
[Black "Gubajdullin, Alexe"]
[Result "1-0"]
[WhiteElo "2400"]
[BlackElo "2327"]

1.Nf3 Nf6 2.c4 g6 3.g3 Bg7 4.Bg2 O-O 5.O-O d6 6.d4 Nbd7 7.Nc3 e5 8.h3 Re8
9.e4 exd4 10.Nxd4 Nc5 11.Re1 c6 12.Rb1 a5 13.b3 Qb6 14.Be3 Qb4 15.Qc2 Bd7
16.Red1 Nh5 17.Nde2 Bf8 18.Na4 Na6 19.Nb6 Bh6 20.f4 d5 21.Nxd7 Rad8 22.g4 Rxd7
23.gxh5 Nc5 24.a3 Qxa3 25.cxd5 Bf8 26.hxg6 hxg6 27.dxc6 Rxd1+ 28.Rxd1 bxc6
29.Nd4 a4 30.Bc1 Qb4 31.bxa4 Nxa4 32.Nxc6 Qb6+ 33.Kh2 Nc5 34.e5 Rc8 35.Be3 Rxc6
36.Bxc6 Qxc6 37.Rd8 Kg7 38.Rxf8 Qf3 39.Qxc5 Qe2+ 40.Bf2 g5 41.e6  1-0

[Event "ch-ESP (team) Div 2"]
[Site "Cala Galdana ESP"]
[Date "1999.11.11"]
[Round "4"]
[White "Llanes Hurtado,M"]
[Black "Molina Garcia,A"]
[Result "1/2-1/2"]
[WhiteElo "2272"]
[BlackElo "2198"]

1.Nf3 Nf6 2.c4 g6 3.g3 Bg7 4.Bg2 O-O 5.O-O d6 6.Nc3 Nc6 7.d3 Bd7 8.Rb1 a5
9.a3 Qc8 10.Re1 Bh3 11.Bh1 h6 12.b4 axb4 13.axb4 e5 14.b5 Ne7 15.Bb2 Nh5
16.d4 e4 17.Nd2 e3 18.fxe3 Nf5 19.Nd5 c6 20.bxc6 bxc6 21.e4 cxd5 22.exf5 Bxf5
23.Bxd5 Rb8 24.Ne4 Bxe4 25.Bxe4 Qxc4 26.e3 Nf6 27.Bf3 Rb3 28.Ba1 Rfb8 29.Rc1 Qb4
30.e4 h5 31.e5 dxe5 32.dxe5 Ng4 33.Bxg4 hxg4 34.e6 Qb6+ 35.Kh1 Qb7+ 36.Kg1 Qb6+
37.Kh1 Qb7+ 38.Kg1 Qb6+  1/2-1/2

[Event "ch-ESP (team) Div 2"]
[Site "Cala Galdana ESP"]
[Date "1999.11.11"]
[Round "4"]
[White "Barlov,D"]
[Black "Herraiz Lopez,H"]
[Result "0-1"]
[WhiteElo "2485"]
[BlackElo "2417"]

1.Nf3 Nf6 2.c4 g6 3.g3 Bg7 4.Bg2 O-O 5.O-O d6 6.d4 c5 7.Nc3 Nc6 8.h3 Bd7
9.e3 a6 10.Qe2 Rb8 11.Rd1 Qc8 12.Kh2 Re8 13.b3 cxd4 14.exd4 e5 15.dxe5 dxe5
16.Be3 Nd4 17.Nxd4 Ng4+ 18.hxg4 exd4 19.Nd5 dxe3 20.f3 Bxa1 21.Rxa1 Re6 22.g5 Qd8
23.f4 Bc6 24.Rd1 Bxd5 25.Bxd5 Re8 26.Rd3 Qe7 27.Kg2 b5 28.Bc6 bxc4 29.bxc4 Rb2  0-1

[Event "FSIM November"]
[Site "Budapest HUN"]
[Date "1999.11.12"]
[Round "7"]
[White "Spielmann,Al"]
[Black "Dembo,Y"]
[Result "1/2-1/2"]
[WhiteElo "2241"]
[BlackElo "2244"]

1.Nf3 Nf6 2.c4 g6 3.g3 Bg7 4.Bg2 O-O 5.O-O d5 6.cxd5 Nxd5 7.d4 Nb6 8.Nc3 Nc6
9.e3 e5 10.d5 Na5 11.e4 c6 12.Bg5 f6 13.Be3 Re8 14.b3 f5 15.dxc6 bxc6 16.Qxd8 Rxd8
17.Rfd1 Re8 18.Rac1 Be6 19.Ne1 Rac8 20.Nd3 Bf8 21.Nb1 fxe4 22.Bxe4 Bf5 23.f3 Bxe4
24.fxe4 Nb7 25.Nc5 Nxc5 26.Bxc5 Bh6 27.Rc3 Rcd8 28.Rcd3 Bg5 29.Kf2 Rxd3 30.Rxd3 Rd8
31.Rxd8+ Bxd8 32.Bxb6 Bxb6+ 33.Ke2 Kf7 34.Nd2 Ke6 35.Nf3 Bd8 36.Kd3 h6 37.Kc4 Bb6
38.Kb4 Kf6 39.Kc3 h5 40.h3 Bf2 41.g4 hxg4 42.hxg4 Bb6 43.Kc4 Bf2 44.b4 a6
45.a3 Be3 46.a4 Bf2 47.b5 axb5+ 48.axb5 cxb5+ 49.Kxb5 Ke6 50.Kc6 Bg3 51.Kc7 Ke7
52.Kc8 Bf4 53.Kc7  1/2-1/2

[Event "SLO-chT"]
[Site "Bled"]
[Date "1999.11.14"]
[Round "7"]
[White "Velickovic, Zoran"]
[Black "Rozman, Edo"]
[Result "1/2-1/2"]
[WhiteElo "2337"]
[BlackElo "2132"]

1.Nf3 Nf6 2.g3 g6 3.c4 Bg7 4.Bg2 O-O 5.d4 c5 6.Nc3 d6 7.O-O cxd4 8.Nxd4 a6
9.b3 Qc7 10.Bb2 Nc6 11.Rc1 Nxd4 12.Qxd4 Be6 13.Rfd1 Rab8 14.Nd5 Bxd5 15.Bxd5 Rfc8
16.b4 Nh5 17.Qd2 Bxb2 18.Qxb2 Nf6 19.c5 Nxd5 20.Rxd5 Qc6 21.Rcd1 dxc5 22.Rxc5 Qe8
23.h4 h5 24.Qe5 Rxc5 25.bxc5 Rd8 26.Rb1 Rd7 27.g4 Qd8 28.gxh5 Rd5 29.Qe4 Rxh5
30.Rxb7 Rxc5 31.Rxe7 Qd1+ 32.Kg2 Rc1 33.Kg3 Qg1+ 34.Qg2 Rc3+ 35.e3 Qxg2+
36.Kxg2 Ra3 37.h5 gxh5 38.Re5 Kg7 39.Rxh5 Rxa2 40.Kg3 Kg6 41.Rc5 a5  1/2-1/2

[Event "Extraliga CZE"]
[Site "Ostrava CZE"]
[Date "1999.11.20"]
[Round "3"]
[White "Jurka,M"]
[Black "Virostko,P"]
[Result "1-0"]
[WhiteElo "2361"]
[BlackElo "2253"]

1.Nf3 Nf6 2.c4 g6 3.g3 Bg7 4.Bg2 O-O 5.d4 d6 6.Nc3 Nc6 7.O-O a6 8.h3 Bd7
9.e4 e5 10.Be3 exd4 11.Nxd4 Qc8 12.Kh2 Re8 13.f4 Na5 14.Qd3 c5 15.Nb3 Nxb3
16.axb3 Bc6 17.Rfe1 Qd7 18.Rad1 Rad8 19.Bf2 h5 20.Re2 Qc7 21.Rde1 Re7 22.Bf3 Rde8
23.Kg2 Qb6 24.Qxd6 Qxb3 25.Qxc5 Nd7 26.Qe3 Qxc4 27.e5 f6 28.Ne4 fxe5 29.f5 Bxe4
30.Bxe4 Nf6 31.fxg6 Qxe4+ 32.Qxe4 Nxe4 33.Rxe4 Re6 34.Rh4 e4 35.Re2 Re5 36.g4 Rg5
37.Rxh5 Rxg6 38.Rd5 Rf6 39.Bd4 Rg6 40.Bxg7 Rxg7 41.Kg3 e3 42.Kf4 Rh7 43.Kg3 Rc7
44.h4 Rc4 45.Rg5+ Kh7 46.Kf3 Rb4 47.Rxe3 Rxe3+ 48.Kxe3 Rxb2 49.Rd5 Rb4 50.Kf3 b6
51.Rd7+ Kg6 52.Rd6+ Kh7 53.h5 Kg7 54.h6+ Kg8 55.g5 Rb1 56.g6 Rf1+ 57.Kg4 Rg1+
58.Kf5 Rf1+ 59.Ke6 Re1+ 60.Kf6 Rf1+ 61.Ke7 Re1+ 62.Re6 Rh1 63.Rxb6 Re1+ 64.Re6 Rh1
65.Rxa6 Re1+ 66.Kf6 Rf1+ 67.Kg5 Rg1+ 68.Kf4 Rf1+ 69.Kg3 Rf8 70.Kg4 Rb8 71.Ra5 Kh8
72.Kg5 Rc8 73.h7  1-0

[Event "Extraliga CZE"]
[Site "Ostrava CZE"]
[Date "1999.11.21"]
[Round "4"]
[White "Neckar,L"]
[Black "Lechtynsky,J"]
[Result "1/2-1/2"]
[WhiteElo "2348"]
[BlackElo "2365"]

1.Nf3 Nf6 2.c4 g6 3.g3 Bg7 4.Bg2 O-O 5.d4 c6 6.O-O d5 7.Nbd2 Ne4 8.cxd5 Nxd2
9.Bxd2 cxd5 10.Ne5 Nd7 11.Bc3  1/2-1/2

[Event "ch-ARG Najdorf mem"]
[Site "Buenos Aires ARG"]
[Date "1999.11.25"]
[Round "6"]
[White "Panno,O"]
[Black "Fiorito,F"]
[Result "1/2-1/2"]
[WhiteElo "2454"]
[BlackElo "2440"]

1.Nf3 Nf6 2.c4 g6 3.g3 Bg7 4.Bg2 O-O 5.d4 d6 6.O-O Nbd7 7.Nc3 e5 8.e4 a6
9.Re1 exd4 10.Nxd4 Rb8 11.a4 Re8 12.f4 Nc5 13.Ra3 a5 14.h3 c6 15.Kh2 Qb6
16.Nb3 Nxb3 17.Rxb3 Qc7 18.Be3 Be6 19.Bb6 Qe7 20.Bf1 Ra8 21.Bf2 Qd7 22.Qd2  1/2-1/2

[Event "Den Bosch"]
[Site "Hertogenbosch NED"]
[Date "1999.11.25"]
[Round "8"]
[White "Donaldson,J"]
[Black "Nijboer,F"]
[Result "1/2-1/2"]
[WhiteElo "2419"]
[BlackElo "2559"]

1.Nf3 Nf6 2.c4 g6 3.g3 Bg7 4.Bg2 O-O 5.O-O d6 6.Nc3 Nc6 7.d3 e5 8.Rb1 a5
9.a3 Nd4 10.b4 axb4 11.axb4 c6 12.b5 Bg4 13.Bg5 Bxf3 14.Bxf3 Nxf3+ 15.exf3 h6
16.Bxf6 Bxf6 17.bxc6 bxc6 18.Rb7 Ra3 19.Qc2 Bg7 20.Rfb1  1/2-1/2

[Event "ch-ARG Najdorf mem"]
[Site "Buenos Aires ARG"]
[Date "1999.11.29"]
[Round "9"]
[White "Spangenberg,H"]
[Black "Sorin,A"]
[Result "1-0"]
[WhiteElo "2531"]
[BlackElo "2501"]

1.Nf3 Nf6 2.c4 g6 3.g3 Bg7 4.Bg2 O-O 5.O-O d6 6.Nc3 c5 7.d4 Nc6 8.d5 Na5
9.Nd2 e5 10.a3 b6 11.Rb1 Nh5 12.e4 f5 13.b4 Nb7 14.exf5 Bxf5 15.Nde4 cxb4
16.Rxb4 Nc5 17.Be3 Nf6 18.Bxc5 bxc5 19.Rb7 Nxe4 20.Nxe4 Bc8 21.Rb2 Rf7 22.Qa4 Bf8
23.Rfb1 Bd7 24.Qa6 Bf5 25.Qc6 Rc8 26.Qa6 Ra8 27.Qc6 Rc8 28.Qa4 Bxe4 29.Bxe4 Qg5
30.Qc2 Bh6 31.h4 Qg4 32.Kg2 Rcf8 33.Qd3 Qd7 34.f3 Qe7 35.Rb8 Kg7 36.Rxf8 Rxf8
37.Rb3 Rf7 38.Qb1 Qd8 39.Rb7 Be3 40.Rxf7+ Kxf7 41.Qb7+ Qe7 42.Qb8 Kg7 43.Qc8 Bd2
44.Kh3 Ba5 45.Kg2 Be1 46.Qg4 Kh6 47.Kf1 Bd2 48.Qc8 Kg7 49.Ke2 Bc3 50.Kd1 Bd4
51.h5 gxh5 52.Qf5 Kg8 53.Qxh5 Bb2 54.Qg4+ Kh8 55.Qc8+ Kg7 56.Qa6 Bc3 57.Kc2 Be1
58.Qc8 Ba5 59.Kb3 Be1 60.Ka4 Kf7 61.Bxh7 Qe8+ 62.Qc6 Ke7 63.g4 Bd2 64.Kb5 a5
65.Bf5 Qb8+ 66.Ka6 Kf6 67.Qb5 Qa8+ 68.Kb6 Qd8+ 69.Kc6 Qa8+ 70.Kxd6 Be3 71.Kc7 Kg5
72.Qb8 Qa6 73.d6 e4 74.Qb7 Qxc4 75.Qxe4 Qb3 76.f4+ Kh4 77.d7 Kg3 78.d8=Q c4
79.Qd6 Qc3 80.g5 a4 81.g6 Qa5+ 82.Kd7 Qc3 83.Qee7 Bxf4 84.Qg5+  1-0

[Event "Eu Team Ch"]
[Site "Batumi GEO"]
[Date "1999.12.05"]
[Round "6"]
[White "Butnorius,A"]
[Black "Zulfugarli,M"]
[Result "1/2-1/2"]
[WhiteElo "2456"]
[BlackElo "2388"]

1.Nf3 Nf6 2.c4 g6 3.g3 Bg7 4.Bg2 O-O 5.O-O d6 6.d4 Nc6 7.Nc3 a6 8.b3 Rb8
9.Nd5 Ne4 10.Bb2 f5 11.Rc1 e6 12.Nc3 Ne7 13.Qc2 Nf6 14.e4 h6 15.e5 Nh7 16.Rfe1 g5
17.Rcd1 Ng6 18.d5 g4 19.Nd4 Nxe5 20.dxe6 Ng5 21.Nxf5 Rxf5 22.Qxf5 Bxe6 23.Qc2 Ngf3+
24.Bxf3 Nxf3+ 25.Kf1 Nxe1 26.Rxe1 Qd7 27.Nd5 Bxd5 28.cxd5 Bxb2 29.Qxb2 Re8
30.Rxe8+ Qxe8 31.Qd4 Qb5+ 32.Ke1 h5 33.Qe4 Qa5+ 34.Kf1 Qxa2 35.Qe6+ Kg7 36.Qe7+ Kg6
37.Qe6+ Kg7 38.Qe7+ Kg6 39.Qe6+ Kg7  1/2-1/2

[Event "Eu Team Ch"]
[Site "Batumi GEO"]
[Date "1999.12.06"]
[Round "7"]
[White "Sommerbauer,N"]
[Black "Geenen,M"]
[Result "0-1"]
[WhiteElo "2401"]
[BlackElo "2347"]

1.Nf3 Nf6 2.c4 g6 3.g3 Bg7 4.Bg2 O-O 5.O-O d6 6.d4 Nbd7 7.Nc3 e5 8.e4 c6
9.h3 exd4 10.Nxd4 Qb6 11.Nde2 Ne8 12.b3 Nc5 13.Be3 f5 14.exf5 Bxf5 15.g4 Bd3
16.Na4 Qd8 17.Nxc5 dxc5 18.Bxc5 Bxa1 19.Bxf8 Kxf8 20.Qxa1 Bxe2 21.Re1 Qd2
22.Bf1 Bxf1 23.Qh8+ Kf7 24.Kxf1 Rd8 25.Qxh7+ Ng7 26.Re3 Rd6 27.Qh6 Qd1+ 28.Kg2 Rf6
29.a4 Qc2 30.Qh4 g5 31.Qg3 Ne6 32.h4 Nf4+ 33.Kh2 Qh7 34.h5 Qb1 35.Re5 Ne6
36.Qe3 Qf1 37.Rf5 Rxf5 38.gxf5 Nf4 39.Qf3 Kf6 40.h6 Kxf5 41.h7 Qa1 42.Qe3 Qg7
43.Qc5+ Kg4 44.f3+ Kxf3 45.Qf5 Qb2+ 46.Kh1  0-1

[Event "Eu Team Ch (women)"]
[Site "Batumi GEO"]
[Date "1999.12.06"]
[Round "8"]
[White "Reizniece,D"]
[Black "Carvalho,Al"]
[Result "1-0"]
[WhiteElo "2294"]
[BlackElo "2061"]

1.c4 Nf6 2.Nf3 g6 3.g3 Bg7 4.Bg2 O-O 5.O-O c6 6.Nc3 d5 7.d3 dxc4 8.dxc4 Be6
9.Qb3 b5 10.Ne5 Qb6 11.Nxb5 Nh5 12.Be3 Qxb5 13.Nxc6 Qxb3 14.Nxe7+ Kh8 15.axb3 Nd7
16.Bxa8 Rxa8 17.Rxa7 Rxa7 18.Bxa7 Bxb2 19.Rd1 Nhf6 20.Bd4 Ba3 21.Nc6 Kg8
22.Ra1 Bd6 23.Ra8+ Kg7 24.e4 Bc5 25.f3 h5 26.Kf2 Nb6 27.Rd8 Bxd4+ 28.Nxd4 Nxc4
29.Nxe6+  1-0

[Event "FSGM December"]
[Site "Budapest HUN"]
[Date "1999.12.08"]
[Round "5"]
[White "Csom,I"]
[Black "Wang Rui"]
[Result "1/2-1/2"]
[WhiteElo "2472"]
[BlackElo "2396"]

1.c4 Nf6 2.Nf3 g6 3.g3 Bg7 4.Bg2 O-O 5.d4 d6 6.Nc3 Nc6 7.O-O a6 8.b3 Rb8
9.Nd5 Ne4 10.Bb2 e6 11.Nc3 Nxc3 12.Bxc3 e5 13.Rc1 Bg4 14.d5 Ne7 15.Ne1 h5
16.Qd2 Kh7 17.e3 Qd7 18.f3 Bh3 19.Bxh3 Qxh3 20.Qg2 Qd7 21.e4 f5 22.Nd3 fxe4
23.fxe4 Bh6 24.Bd2 Ng8  1/2-1/2